Normal view
MARC view
- Sabu M. S
Entry Personal Name
001 - CONTROL NUMBER
- control field: 3899
003 - CONTROL NUMBER IDENTIFIER
- control field: OSt
005 - DATE AND TIME OF LATEST TRANSACTION
- control field: 20181115111450.0
008 - FIXED-LENGTH DATA ELEMENTS
- fixed length control field: 181115|| aca||aabn | a|a d
040 ## - CATALOGING SOURCE
- Original cataloging agency: OSt
- Transcribing agency: OSt
100 ## - HEADING--PERSONAL NAME
- Personal name: Sabu M. S
670 ## - SOURCE DATA FOUND
- Source citation: Work cat.: (OSt)15251: BALACHANDRAN PILLAI G 3898, Design and fabrication of an oscillating sieve for studies on black pepper grading in the laboratory
